[Event "Королевский Гамбит. Южный Федеральный округ."]
[Date "2025-11-21"]
[Round "1.8"]
[Board "8"]
[White "Нестерова Алёна"]
[WhiteElo "1000"]
[Black "Третьякова Александрина"]
[BlackElo "1000"]
[WebSite "https://www.chessopen.ru"]
[GameId "684f43c1-2f0b-45d4-8a92-e3c86eb508a9"]
[Result "0-1"]

1. e4 { [%clk 0:00:32] } e5 { [%clk 0:09:54] } 2. Nf3 { [%clk 0:00:32] } d6 {
[%clk 0:09:52] } 3. Bc4 { [%clk 0:00:30] } Bg4 { [%clk 0:09:48] } 4. h3 { [%clk
0:00:29] } Bh5 { [%clk 0:09:46] } 5. g3 { [%clk 0:00:29] } h6 { [%clk 0:09:42]
} 6. g4 { [%clk 0:00:30] } Bg6 { [%clk 0:09:41] } 7. O-O { [%clk 0:00:27] } Nf6
{ [%clk 0:09:37] } 8. Nc3 { [%clk 0:00:27] } c6 { [%clk 0:09:35] } 9. d3 {
[%clk 0:00:25] } a6 { [%clk 0:09:26] } 10. g5 { [%clk 0:00:26] } hxg5 { [%clk
0:09:23] } 11. Nxg5 { [%clk 0:00:27] } d5 { [%clk 0:09:12] } 12. exd5 { [%clk
0:00:20] } cxd5 { [%clk 0:08:57] } 13. Bxd5 { [%clk 0:00:14] } Nxd5 { [%clk
0:08:54] } 14. Nxd5 { [%clk 0:00:09] } Qxd5 { [%clk 0:08:52] } 15. d4 { [%clk
0:00:09] } f6 { [%clk 0:08:26] } 16. Nf3 { [%clk 0:00:06] } Rxh3 { [%clk
0:08:16] } 17. Ng5 { [%clk 0:00:04] } fxg5 { [%clk 0:08:14] } 18. Qg4 { [%clk
0:00:04] } Qh1# { [%clk 0:08:08] } 0-1

[Event "Королевский Гамбит. Южный Федеральный округ."]
[Date "2025-11-21"]
[Round "1.8"]
[Board "8"]
[White "Половко Катя"]
[WhiteElo "1000"]
[Black "Арина Фисенко"]
[BlackElo "1000"]
[WebSite "https://www.chessopen.ru"]
[GameId "fb61a65c-5fdd-4259-9fdd-a9a7c8f451ad"]
[Result "1-0"]

1. d4 { [%clk 0:09:59] } d5 { [%clk 0:09:58] } 2. c4 { [%clk 0:09:59] } Bg4 {
[%clk 0:09:57] } 3. Nc3 { [%clk 0:09:55] } e6 { [%clk 0:09:54] } 4. Nf3 { [%clk
0:09:45] } Nf6 { [%clk 0:09:54] } 5. e3 { [%clk 0:09:44] } Nc6 { [%clk 0:09:50]
} 6. Bd3 { [%clk 0:09:45] } h5 { [%clk 0:09:49] } 7. g3 { [%clk 0:09:29] } Qd6
{ [%clk 0:09:43] } 8. O-O { [%clk 0:09:25] } Rh6 { [%clk 0:09:41] } 9. Be2 {
[%clk 0:09:08] } Rg6 { [%clk 0:09:41] } 10. Nh4 { [%clk 0:08:56] } Rg5 { [%clk
0:09:37] } 11. e4 { [%clk 0:08:48] } Re5 { [%clk 0:09:28] } 12. dxe5 { [%clk
0:08:47] } Qxe5 { [%clk 0:09:25] } 13. Bxg4 { [%clk 0:08:45] } Nd4 { [%clk
0:09:16] } 14. Be3 { [%clk 0:07:47] } Nxg4 { [%clk 0:09:10] } 15. Bxd4 { [%clk
0:07:33] } Qd6 { [%clk 0:08:52] } 16. Nb5 { [%clk 0:07:28] } Qd7 { [%clk
0:08:45] } 17. Nf3 { [%clk 0:07:00] } a6 { [%clk 0:08:40] } 18. Ne5 { [%clk
0:06:57] } Qe7 { [%clk 0:08:35] } 19. Nc3 { [%clk 0:06:48] } Qf6 { [%clk
0:08:33] } 20. Nxg4 { [%clk 0:06:34] } Qd8 { [%clk 0:08:15] } 21. Ne5 { [%clk
0:06:26] } c6 { [%clk 0:08:07] } 22. Qxh5 { [%clk 0:06:20] } g6 { [%clk
0:07:59] } 23. Qf3 { [%clk 0:06:15] } Bh6 { [%clk 0:07:51] } 24. Qxf7# { [%clk
0:06:08] } 1-0

[Event "Королевский Гамбит. Южный Федеральный округ."]
[Date "2025-11-21"]
[Round "1.9"]
[Board "9"]
[White "Крючков Артём"]
[WhiteElo "1000"]
[Black "Квачёв Егор"]
[BlackElo "1000"]
[WebSite "https://www.chessopen.ru"]
[GameId "2dad87e2-a272-41ca-acf2-6b98001d6ded"]
[Result "1/2-1/2"]

1. e4 { [%clk 0:09:56] } e5 { [%clk 0:10:01] } 2. Nf3 { [%clk 0:09:58] } d6 {
[%clk 0:10:02] } 3. Bc4 { [%clk 0:09:59] } Nf6 { [%clk 0:09:46] } 4. d3 { [%clk
0:09:57] } Nc6 { [%clk 0:09:45] } 5. Nc3 { [%clk 0:09:53] } Nd4 { [%clk
0:09:40] } 6. Nxd4 { [%clk 0:09:40] } exd4 { [%clk 0:09:40] } 7. Nd5 { [%clk
0:09:25] } Nxd5 { [%clk 0:09:26] } 8. Bxd5 { [%clk 0:09:24] } Be7 { [%clk
0:09:17] } 9. O-O { [%clk 0:09:17] } O-O { [%clk 0:09:18] } 10. f4 { [%clk
0:09:17] } Re8 { [%clk 0:09:14] } 11. f5 { [%clk 0:09:11] } c6 { [%clk 0:09:12]
} 12. Bc4 { [%clk 0:09:00] } Bd7 { [%clk 0:09:06] } 13. Rf3 { [%clk 0:08:56] }
d5 { [%clk 0:09:01] } 14. exd5 { [%clk 0:08:55] } cxd5 { [%clk 0:09:03] } 15.
Bxd5 { [%clk 0:08:56] } Rb8 { [%clk 0:08:49] } 16. c4 { [%clk 0:08:51] } Qc7 {
[%clk 0:08:40] } 17. Rg3 { [%clk 0:08:47] } Bxf5 { [%clk 0:08:21] } 18. Qf1 {
[%clk 0:08:36] } Bd6 { [%clk 0:08:03] } 19. Qxf5 { [%clk 0:08:28] } Bxg3 {
[%clk 0:07:40] } 20. Qxf7+ { [%clk 0:08:20] } Qxf7 { [%clk 0:07:38] } 21. Bxf7+
{ [%clk 0:08:22] } Kxf7 { [%clk 0:07:41] } 22. hxg3 { [%clk 0:08:22] } Re1+ {
[%clk 0:07:40] } 23. Kf2 { [%clk 0:08:22] } Rbe8 { [%clk 0:07:40] } 24. Kf3 {
[%clk 0:08:14] } Kf6 { [%clk 0:07:39] } 25. g4 { [%clk 0:08:14] } Rf1+ { [%clk
0:07:32] } 26. Kg3 { [%clk 0:08:09] } g5 { [%clk 0:07:26] } 27. b4 { [%clk
0:08:00] } a6 { [%clk 0:07:23] } 28. a4 { [%clk 0:08:00] } Ke5 { [%clk 0:07:16]
} 29. Bb2 { [%clk 0:07:48] } Rxa1 { [%clk 0:06:53] } 30. Bxa1 { [%clk 0:07:49]
} Rh8 { [%clk 0:06:49] } 31. Kf3 { [%clk 0:07:49] } h5 { [%clk 0:06:47] } 32.
gxh5 { [%clk 0:07:41] } Rxh5 { [%clk 0:06:50] } 33. Kg4 { [%clk 0:07:43] } Rh1
{ [%clk 0:06:42] } 34. Bb2 { [%clk 0:07:41] } Kf6 { [%clk 0:06:40] } 35. Bxd4+
{ [%clk 0:07:40] } Kg6 { [%clk 0:06:39] } 36. g3 { [%clk 0:07:39] } Ra1 { [%clk
0:06:37] } 37. a5 { [%clk 0:07:38] } Rb1 { [%clk 0:06:38] } 38. Bc3 { [%clk
0:07:38] } Rd1 { [%clk 0:06:31] } 39. d4 { [%clk 0:07:36] } Rd3 { [%clk
0:06:28] } 40. Bb2 { [%clk 0:07:32] } Kf6 { [%clk 0:06:26] } 41. d5+ { [%clk
0:07:27] } Ke7 { [%clk 0:06:12] } 42. Kxg5 { [%clk 0:07:25] } Rxg3+ { [%clk
0:06:14] } 43. Kf5 { [%clk 0:07:24] } Rf3+ { [%clk 0:06:12] } 44. Ke4 { [%clk
0:07:23] } Rb3 { [%clk 0:06:08] } 45. c5 { [%clk 0:07:12] } Rxb2 { [%clk
0:06:08] } 46. d6+ { [%clk 0:07:14] } Kd7 { [%clk 0:06:09] } 47. Ke5 { [%clk
0:07:15] } Rxb4 { [%clk 0:06:08] } 48. Kd5 { [%clk 0:07:15] } Rb5 { [%clk
0:06:08] } 49. Kc4 { [%clk 0:07:12] } Rxa5 { [%clk 0:06:08] } 50. Kd5 { [%clk
0:07:11] } b5 { [%clk 0:06:07] } 51. c6+ { [%clk 0:07:11] } Kc8 { [%clk
0:06:00] } 52. Ke6 { [%clk 0:07:01] } b4 { [%clk 0:05:37] } 53. Ke7 { [%clk
0:06:55] } Re5+ { [%clk 0:05:37] } 54. Kf6 { [%clk 0:06:53] } Re8 { [%clk
0:05:32] } 55. d7+ { [%clk 0:06:49] } Kd8 { [%clk 0:05:29] } 56. dxe8=R+ {
[%clk 0:06:47] } Kxe8 { [%clk 0:05:31] } 57. Ke6 { [%clk 0:06:47] } Kd8 { [%clk
0:05:28] } 58. Kd6 { [%clk 0:06:48] } Kc8 { [%clk 0:05:30] } 59. c7 { [%clk
0:06:48] } b3 { [%clk 0:05:31] } 60. Kc6 { [%clk 0:06:47] } b2 { [%clk 0:05:26]
} 61. Kb6 { [%clk 0:06:47] } b1=Q+ { [%clk 0:05:28] } 62. Kc6 { [%clk 0:06:47]
} Qb5+ { [%clk 0:05:28] } 63. Kd6 { [%clk 0:06:48] } Qb6+ { [%clk 0:05:28] }
64. Ke7 { [%clk 0:06:44] } Qxc7+ { [%clk 0:05:31] } 65. Ke8 { [%clk 0:06:46] }
Qd7+ { [%clk 0:05:32] } 66. Kf8 { [%clk 0:06:47] } Kd8 { [%clk 0:05:33] } 67.
Kg8 { [%clk 0:06:48] } Qe7 { [%clk 0:05:35] } 68. Kh8 { [%clk 0:06:48] } Ke8 {
[%clk 0:05:37] } 69. Kg8 { [%clk 0:06:48] } Qf7+ { [%clk 0:05:39] } 70. Kh8 {
[%clk 0:06:50] } Kf8 { [%clk 0:05:41] } 1/2-1/2

[Event "Королевский Гамбит. Южный Федеральный округ."]
[Date "2025-11-21"]
[Round "1.9"]
[Board "9"]
[White "Литвинов Егор"]
[WhiteElo "980"]
[Black "Аристархов Максим"]
[BlackElo "1000"]
[WebSite "https://www.chessopen.ru"]
[GameId "1700c7ec-9139-4a72-8308-392c93328b36"]
[Result "1-0"]

1. Nf3 { [%clk 0:09:44] } c5 { [%clk 0:10:02] } 2. c4 { [%clk 0:09:40] } Nc6 {
[%clk 0:10:01] } 3. g3 { [%clk 0:09:38] } e6 { [%clk 0:09:59] } 4. Bg2 { [%clk
0:09:26] } f5 { [%clk 0:10:02] } 5. Nc3 { [%clk 0:09:26] } a5 { [%clk 0:10:00]
} 6. O-O { [%clk 0:09:20] } Nf6 { [%clk 0:09:56] } 7. d4 { [%clk 0:09:18] }
cxd4 { [%clk 0:09:55] } 8. Nxd4 { [%clk 0:09:18] } Nxd4 { [%clk 0:09:54] } 9.
Qxd4 { [%clk 0:09:20] } Ra6 { [%clk 0:09:48] } 10. Bg5 { [%clk 0:09:13] } b6 {
[%clk 0:09:33] } 11. Nb5 { [%clk 0:09:12] } h6 { [%clk 0:09:26] } 12. Bxf6 {
[%clk 0:09:07] } gxf6 { [%clk 0:09:27] } 13. Nd6+ { [%clk 0:09:04] } Ke7 {
[%clk 0:09:23] } 14. Rfd1 { [%clk 0:08:49] } e5 { [%clk 0:09:17] } 15. Nxf5+ {
[%clk 0:08:31] } Kf7 { [%clk 0:09:09] } 16. Qd5+ { [%clk 0:08:20] } Ke8 { [%clk
0:09:05] } 17. Nd6+ { [%clk 0:08:10] } Ke7 { [%clk 0:09:01] } 18. Qf7# { [%clk
0:08:10] } 1-0

[Event "Королевский Гамбит. Южный Федеральный округ."]
[Date "2025-11-21"]
[Round "1.9"]
[Board "9"]
[White "Марк Белянин"]
[WhiteElo "1000"]
[Black "Статник Назар"]
[BlackElo "1000"]
[WebSite "https://www.chessopen.ru"]
[GameId "d4965e05-9383-4c3d-8809-3ae6ef671747"]
[Result "1-0"]

1. e4 { [%clk 0:09:59] } e5 { [%clk 0:10:00] } 2. Nf3 { [%clk 0:10:00] } c5 {
[%clk 0:09:38] } 3. Bc4 { [%clk 0:09:52] } Nf6 { [%clk 0:09:10] } 4. d3 { [%clk
0:09:51] } Nc6 { [%clk 0:08:57] } 5. Ng5 { [%clk 0:09:48] } h6 { [%clk 0:08:54]
} 6. Nxf7 { [%clk 0:09:48] } Qe7 { [%clk 0:08:48] } 7. Nxh8 { [%clk 0:09:48] }
a5 { [%clk 0:08:26] } 8. Ng6 { [%clk 0:09:48] } Qd6 { [%clk 0:08:19] } 9. Nxf8
{ [%clk 0:09:47] } Kxf8 { [%clk 0:08:17] } 10. O-O { [%clk 0:09:44] } a4 {
[%clk 0:08:05] } 11. f4 { [%clk 0:09:38] } b6 { [%clk 0:07:55] } 12. fxe5 {
[%clk 0:09:38] } Qxe5 { [%clk 0:07:49] } 13. Nc3 { [%clk 0:09:30] } h5 { [%clk
0:07:23] } 14. Bf4 { [%clk 0:09:22] } Ra5 { [%clk 0:07:07] } 15. Bxe5 { [%clk
0:09:21] } Nxe5 { [%clk 0:07:04] } 16. Qxh5 { [%clk 0:09:18] } d6 { [%clk
0:06:59] } 17. Qh8+ { [%clk 0:09:13] } Ke7 { [%clk 0:06:54] } 18. Qxg7+ { [%clk
0:09:14] } Kd8 { [%clk 0:06:52] } 19. Qxf6+ { [%clk 0:09:15] } Kc7 { [%clk
0:06:36] } 20. Nd5+ { [%clk 0:09:13] } Kb7 { [%clk 0:06:32] } 21. Qe7+ { [%clk
0:09:12] } Kc6 { [%clk 0:06:28] } 22. Qc7# { [%clk 0:09:12] } 1-0

[Event "Королевский Гамбит. Южный Федеральный округ."]
[Date "2025-11-21"]
[Round "1.9"]
[Board "9"]
[White "Никишин Глеб"]
[WhiteElo "1000"]
[Black "каргин давид"]
[BlackElo "1000"]
[WebSite "https://www.chessopen.ru"]
[GameId "0c8bbb56-1fe3-486c-84cc-a690f00494d4"]
[Result "1-0"]

1. g3 { [%clk 0:10:01] } e6 { [%clk 0:10:01] } 2. Bg2 { [%clk 0:10:01] } d5 {
[%clk 0:10:01] } 3. d4 { [%clk 0:09:57] } c5 { [%clk 0:10:02] } 4. c3 { [%clk
0:09:46] } Nc6 { [%clk 0:09:57] } 5. Nf3 { [%clk 0:09:40] } Nf6 { [%clk
0:09:56] } 6. O-O { [%clk 0:09:36] } Qb6 { [%clk 0:09:52] } 7. dxc5 { [%clk
0:09:21] } Bxc5 { [%clk 0:09:51] } 8. b4 { [%clk 0:09:22] } Be7 { [%clk
0:09:52] } 9. a4 { [%clk 0:09:18] } a6 { [%clk 0:09:48] } 10. Be3 { [%clk
0:09:12] } Qc7 { [%clk 0:09:33] } 11. Nbd2 { [%clk 0:08:54] } Bd7 { [%clk
0:09:17] } 12. Nb3 { [%clk 0:08:49] } Ng4 { [%clk 0:09:02] } 13. Bc5 { [%clk
0:08:46] } Bxc5 { [%clk 0:08:58] } 14. Nxc5 { [%clk 0:08:43] } b6 { [%clk
0:08:59] } 15. Nxd7 { [%clk 0:08:23] } Qxd7 { [%clk 0:08:58] } 16. b5 { [%clk
0:08:24] } axb5 { [%clk 0:08:53] } 17. axb5 { [%clk 0:07:53] } Na5 { [%clk
0:08:52] } 18. Qd4 { [%clk 0:07:51] } Nf6 { [%clk 0:08:24] } 19. Qxb6 { [%clk
0:07:52] } Qd8 { [%clk 0:08:11] } 20. Qxd8+ { [%clk 0:07:49] } Kxd8 { [%clk
0:08:09] } 21. Ne5 { [%clk 0:07:50] } Ke7 { [%clk 0:08:06] } 22. Rxa5 { [%clk
0:07:45] } Rac8 { [%clk 0:07:51] } 23. Ra7+ { [%clk 0:07:36] } Kf8 { [%clk
0:07:52] } 24. b6 { [%clk 0:07:29] } Rb8 { [%clk 0:07:31] } 25. b7 { [%clk
0:07:31] } g6 { [%clk 0:07:17] } 26. Nc6 { [%clk 0:07:32] } Kg7 { [%clk
0:07:12] } 27. Nxb8 { [%clk 0:07:30] } Rxb8 { [%clk 0:07:15] } 28. Rb1 { [%clk
0:07:29] } Nd7 { [%clk 0:07:13] } 29. Ra8 { [%clk 0:07:26] } Kf6 { [%clk
0:07:11] } 30. c4 { [%clk 0:07:21] } dxc4 { [%clk 0:07:07] } 31. Bc6 { [%clk
0:07:17] } Ke7 { [%clk 0:07:07] } 32. Bxd7 { [%clk 0:07:18] } Kxd7 { [%clk
0:07:01] } 33. Rxb8 { [%clk 0:07:19] } c3 { [%clk 0:07:04] } 34. Rc8 { [%clk
0:07:19] } 1-0

[Event "Королевский Гамбит. Южный Федеральный округ."]
[Date "2025-11-21"]
[Round "1.9"]
[Board "9"]
[White "Савельев Максим"]
[WhiteElo "1000"]
[Black "Сушилов Антон"]
[BlackElo "1000"]
[WebSite "https://www.chessopen.ru"]
[GameId "3efd9d17-b0a1-4f69-afd8-1f7936039a29"]
[Result "1-0"]

1. c4 { [%clk 0:07:31] } c5 { [%clk 0:09:57] } 2. Nc3 { [%clk 0:07:31] } Nf6 {
[%clk 0:09:52] } 3. g3 { [%clk 0:07:32] } e5 { [%clk 0:09:08] } 4. Bg2 { [%clk
0:07:21] } Nc6 { [%clk 0:09:05] } 5. d3 { [%clk 0:07:08] } d5 { [%clk 0:08:30]
} 6. cxd5 { [%clk 0:07:04] } Nb4 { [%clk 0:08:09] } 7. e4 { [%clk 0:06:17] }
Be7 { [%clk 0:06:50] } 8. Nf3 { [%clk 0:06:11] } Qd6 { [%clk 0:06:22] } 9. O-O
{ [%clk 0:05:29] } O-O { [%clk 0:05:58] } 10. a3 { [%clk 0:05:28] } Na6 { [%clk
0:05:32] } 11. Nd2 { [%clk 0:05:26] } Nc7 { [%clk 0:05:06] } 12. Nc4 { [%clk
0:05:21] } Bg4 { [%clk 0:04:42] } 13. f3 { [%clk 0:04:36] } Qd7 { [%clk
0:03:57] } 14. fxg4 { [%clk 0:04:21] } Nxg4 { [%clk 0:03:52] } 15. Bh3 { [%clk
0:03:47] } h5 { [%clk 0:02:36] } 16. Nxe5 { [%clk 0:03:39] } Qd6 { [%clk
0:02:22] } 17. Nxg4 { [%clk 0:03:17] } hxg4 { [%clk 0:02:17] } 18. Qxg4 { [%clk
0:03:06] } g6 { [%clk 0:02:03] } 19. Bf4 { [%clk 0:02:54] } Qb6 { [%clk
0:01:41] } 20. Bxc7 { [%clk 0:02:36] } Qxc7 { [%clk 0:00:58] } 21. Nb5 { [%clk
0:02:29] } Qa5 { [%clk 0:00:55] } 22. Qd7 { [%clk 0:02:19] } Qa6 { [%clk
0:00:47] } 23. Nc7 { [%clk 0:02:10] } Qxd3 { [%clk 0:00:33] } 24. Nxa8 { [%clk
0:02:06] } Rxa8 { [%clk 0:00:19] } 25. Qxe7 { [%clk 0:02:04] } Qd4+ { [%clk
0:00:08] } 26. Kh1 { [%clk 0:02:00] } 1-0

[Event "Королевский Гамбит. Южный Федеральный округ."]
[Date "2025-11-21"]
[Round "1.9"]
[Board "9"]
[White "Слободской Виталий"]
[WhiteElo "1000"]
[Black "Макушкин Алексей"]
[BlackElo "1000"]
[WebSite "https://www.chessopen.ru"]
[GameId "d66b2e87-ee13-4457-a944-9de93099bfc7"]
[Result "0-1"]

1. d4 { [%clk 0:09:59] } d5 { [%clk 0:10:01] } 2. e4 { [%clk 0:10:00] } dxe4 {
[%clk 0:10:03] } 3. f3 { [%clk 0:09:59] } exf3 { [%clk 0:10:05] } 4. Nxf3 {
[%clk 0:09:59] } Nf6 { [%clk 0:10:06] } 5. Bb5+ { [%clk 0:09:58] } c6 { [%clk
0:10:08] } 6. Ba4 { [%clk 0:09:59] } b5 { [%clk 0:10:06] } 7. Bb3 { [%clk
0:09:58] } e6 { [%clk 0:10:08] } 8. O-O { [%clk 0:09:57] } c5 { [%clk 0:10:08]
} 9. dxc5 { [%clk 0:09:57] } Qxd1 { [%clk 0:10:08] } 10. Rxd1 { [%clk 0:09:57]
} Bxc5+ { [%clk 0:10:08] } 11. Kf1 { [%clk 0:09:55] } O-O { [%clk 0:10:10] }
12. Ne5 { [%clk 0:09:51] } b4 { [%clk 0:10:09] } 13. Bg5 { [%clk 0:09:38] }
Ba6+ { [%clk 0:10:08] } 14. Ke1 { [%clk 0:09:36] } Ng4 { [%clk 0:10:10] } 15.
Nd2 { [%clk 0:08:54] } f6 { [%clk 0:10:10] } 16. Bxe6+ { [%clk 0:08:40] } Kh8 {
[%clk 0:09:58] } 17. Nf7+ { [%clk 0:08:41] } Rxf7 { [%clk 0:09:50] } 18. Bxf7 {
[%clk 0:08:42] } fxg5 { [%clk 0:09:51] } 19. Ne4 { [%clk 0:08:37] } Nd7 { [%clk
0:09:35] } 20. Rxd7 { [%clk 0:08:36] } Rf8 { [%clk 0:09:29] } 21. Rad1 { [%clk
0:08:16] } Bg1 { [%clk 0:09:20] } 22. Rd8 { [%clk 0:08:11] } h6 { [%clk
0:09:05] } 23. Rxf8+ { [%clk 0:08:08] } Kh7 { [%clk 0:09:05] } 24. Nf6+ { [%clk
0:07:57] } Nxf6 { [%clk 0:09:04] } 25. Rd6 { [%clk 0:07:46] } Bc5 { [%clk
0:08:57] } 26. Rxa6 { [%clk 0:07:43] } Bxf8 { [%clk 0:08:58] } 27. a3 { [%clk
0:07:33] } bxa3 { [%clk 0:08:58] } 28. bxa3 { [%clk 0:07:14] } Bc5 { [%clk
0:08:54] } 29. a4 { [%clk 0:07:11] } Ng4 { [%clk 0:08:43] } 30. h3 { [%clk
0:07:03] } Ne3 { [%clk 0:08:42] } 31. Kf2 { [%clk 0:06:48] } Nxc2+ { [%clk
0:08:38] } 32. Kg3 { [%clk 0:06:47] } Ne3 { [%clk 0:08:26] } 33. Rc6 { [%clk
0:06:39] } Bd6+ { [%clk 0:08:10] } 34. Rxd6 { [%clk 0:06:37] } Nf5+ { [%clk
0:08:12] } 35. Kg4 { [%clk 0:06:30] } Nxd6 { [%clk 0:08:12] } 36. a5 { [%clk
0:06:29] } Nxf7 { [%clk 0:08:13] } 37. Kf5 { [%clk 0:06:26] } Nd6+ { [%clk
0:08:14] } 38. Ke5 { [%clk 0:06:24] } Nc4+ { [%clk 0:08:14] } 39. Ke4 { [%clk
0:06:21] } Nxa5 { [%clk 0:08:15] } 40. Kf3 { [%clk 0:06:22] } Nc6 { [%clk
0:08:16] } 41. g4 { [%clk 0:06:19] } a5 { [%clk 0:08:17] } 42. Ke2 { [%clk
0:06:14] } a4 { [%clk 0:08:18] } 43. Kd1 { [%clk 0:06:15] } Nd4 { [%clk
0:08:20] } 44. Kc1 { [%clk 0:06:14] } Kg6 { [%clk 0:08:19] } 45. Kb2 { [%clk
0:06:14] } h5 { [%clk 0:08:18] } 46. gxh5+ { [%clk 0:06:14] } Kxh5 { [%clk
0:08:19] } 47. Ka3 { [%clk 0:06:14] } Kh4 { [%clk 0:08:18] } 48. Kxa4 { [%clk
0:06:15] } Kxh3 { [%clk 0:08:21] } 49. Kb4 { [%clk 0:06:13] } g4 { [%clk
0:08:24] } 50. Kc3 { [%clk 0:06:14] } Ne2+ { [%clk 0:08:24] } 51. Kd2 { [%clk
0:06:15] } Nf4 { [%clk 0:08:25] } 52. Ke1 { [%clk 0:06:16] } g3 { [%clk
0:08:28] } 53. Kf1 { [%clk 0:06:16] } g2+ { [%clk 0:08:29] } 54. Kf2 { [%clk
0:06:13] } Kh2 { [%clk 0:08:28] } 55. Kf3 { [%clk 0:06:11] } g1=Q { [%clk
0:08:24] } 56. Kxf4 { [%clk 0:06:12] } g5+ { [%clk 0:08:25] } 57. Kf3 { [%clk
0:06:12] } g4+ { [%clk 0:08:26] } 58. Kf4 { [%clk 0:06:13] } g3 { [%clk
0:08:28] } 59. Kg4 { [%clk 0:06:12] } g2 { [%clk 0:08:27] } 60. Kf3 { [%clk
0:06:13] } Qf1+ { [%clk 0:08:27] } 61. Ke3 { [%clk 0:06:11] } g1=Q+ { [%clk
0:08:28] } 62. Kd2 { [%clk 0:06:12] } Qf3 { [%clk 0:08:27] } 63. Kc2 { [%clk
0:06:13] } Qgf2+ { [%clk 0:08:29] } 64. Kc1 { [%clk 0:06:13] } Qh1# { [%clk
0:08:32] } 0-1

[Event "Королевский Гамбит. Южный Федеральный округ."]
[Date "2025-11-21"]
[Round "1.10"]
[Board "10"]
[White "Гейкин Филипп"]
[WhiteElo "1000"]
[Black "Беркутов Егор"]
[BlackElo "1000"]
[WebSite "https://www.chessopen.ru"]
[GameId "c7004864-32cb-4e5e-ae9f-951599ea884e"]
[Result "1-0"]

1. e4 { [%clk 0:09:58] } c6 { [%clk 0:02:48] } 2. d4 { [%clk 0:09:24] } c5 {
[%clk 0:02:49] } 3. dxc5 { [%clk 0:08:43] } b6 { [%clk 0:02:48] } 4. cxb6 {
[%clk 0:06:54] } axb6 { [%clk 0:02:49] } 5. Be3 { [%clk 0:06:25] } Nf6 { [%clk
0:02:44] } 6. Na3 { [%clk 0:05:52] } Nxe4 { [%clk 0:02:44] } 7. Qf3 { [%clk
0:05:26] } Ra4 { [%clk 0:02:42] } 8. Bd3 { [%clk 0:05:01] } Nc6 { [%clk
0:02:22] } 9. b3 { [%clk 0:04:55] } Rb4 { [%clk 0:02:17] } 10. O-O-O { [%clk
0:04:28] } Ne5 { [%clk 0:02:15] } 11. Qh5 { [%clk 0:04:16] } Nxd3+ { [%clk
0:02:08] } 12. cxd3 { [%clk 0:04:15] } Nf6 { [%clk 0:02:07] } 13. Qg5 { [%clk
0:04:08] } e6 { [%clk 0:01:50] } 14. Nc2 { [%clk 0:03:36] } Rg4 { [%clk
0:01:48] } 15. Qb5 { [%clk 0:03:29] } Bb7 { [%clk 0:01:46] } 16. Bxb6 { [%clk
0:03:19] } Qc8 { [%clk 0:01:39] } 17. Rd2 { [%clk 0:03:08] } Bxg2 { [%clk
0:01:39] } 18. Nf3 { [%clk 0:02:48] } Bxh1 { [%clk 0:01:39] } 19. Ne5 { [%clk
0:02:37] } Nd5 { [%clk 0:01:28] } 20. Nxg4 { [%clk 0:02:29] } Nxb6 { [%clk
0:01:29] } 21. Qxb6 { [%clk 0:02:26] } Ba3+ { [%clk 0:01:22] } 22. Kd1 { [%clk
0:02:12] } Be7 { [%clk 0:01:12] } 23. Nd4 { [%clk 0:02:06] } e5 { [%clk
0:01:06] } 24. Nxe5 { [%clk 0:02:01] } f6 { [%clk 0:00:59] } 25. Nef3 { [%clk
0:01:51] } Bxf3+ { [%clk 0:00:52] } 26. Nxf3 { [%clk 0:01:51] } Qc6 { [%clk
0:00:50] } 27. Qb8+ { [%clk 0:01:47] } Bd8 { [%clk 0:00:50] } 28. Re2+ { [%clk
0:01:36] } Qe6 { [%clk 0:00:28] } 29. Rxe6+ { [%clk 0:01:10] } dxe6 { [%clk
0:00:30] } 30. a4 { [%clk 0:01:10] } Rf8 { [%clk 0:00:28] } 31. Nd4 { [%clk
0:01:10] } Ke7 { [%clk 0:00:24] } 32. Nc6+ { [%clk 0:01:07] } Kd7 { [%clk
0:00:22] } 33. Nb4 { [%clk 0:01:03] } g5 { [%clk 0:00:21] } 34. d4 { [%clk
0:00:59] } e5 { [%clk 0:00:22] } 35. a5 { [%clk 0:00:57] } exd4 { [%clk
0:00:22] } 36. a6 { [%clk 0:00:57] } Bb6 { [%clk 0:00:20] } 37. Qxf8 { [%clk
0:00:56] } d3 { [%clk 0:00:13] } 38. a7 { [%clk 0:00:52] } Bxa7 { [%clk
0:00:14] } 39. Nxd3 { [%clk 0:00:50] } f5 { [%clk 0:00:12] } 40. Qxf5+ { [%clk
0:00:49] } Kc6 { [%clk 0:00:07] } 41. Qxg5 { [%clk 0:00:50] } Kb6 { [%clk
0:00:07] } 42. Qg8 { [%clk 0:00:51] } Kb5 { [%clk 0:00:07] } 43. Qf8 { [%clk
0:00:52] } Bxf2 { [%clk 0:00:07] } 44. Qxf2 { [%clk 0:00:52] } Ka5 { [%clk
0:00:06] } 45. Ne5 { [%clk 0:00:53] } h5 { [%clk 0:00:08] } 46. Qc5+ { [%clk
0:00:54] } Ka6 { [%clk 0:00:08] } 47. Qe7 { [%clk 0:00:53] } Kb5 { [%clk
0:00:10] } 48. Nf7 { [%clk 0:00:53] } h4 { [%clk 0:00:09] } 49. b4 { [%clk
0:00:54] } Ka4 { [%clk 0:00:07] } 50. Ng5 { [%clk 0:00:55] } h3 { [%clk
0:00:08] } 51. Nxh3 { [%clk 0:00:56] } Ka3 { [%clk 0:00:07] } 52. b5+ { [%clk
0:00:57] } 1-0